| 000 | 00369cam a2200157ua 4500 | ||
|---|---|---|---|
| 003 | OSt | ||
| 008 | 250804b |||||||| |||| 00| 0 eng d | ||
| 041 | _aeng | ||
| 082 |
_a516 _bBER/GE |
||
| 100 |
_aBerger, Marcel. _97683 |
||
| 245 | _aGeometry, Vol 1 / | ||
| 260 |
_aNew York : _bSpringer Verlag , _c1994. |
||
| 300 | _a427 ; . | ||
| 500 | _a**Reference | ||
| 942 | _cBK | ||
| 999 |
_c9643 _d9643 |
||